01976nam a2200337 i 4500003000900000005001700009007000300026008004100029020001800070040003000088041000800118082001800126100005300144245007300197250002200270264005400292300004600346336002700392337003300419338002800452500002600480520065300506521002401159590002701183910001401210942001401224952012501238952013101363952012701494999001701621DO-SdBNP20250826081934.0ta250826s2024 dr a 000 0 spa d a9789945948301 aDO-SdBNPbspacBNPHUerda aspa 4axxxbM2772221 aMangones Ureña, Gabrielle945446eautora4aut.10aCuentos oscuros para noches lluviosas /cGabrielle Mangones Ureña  aPrimera edición aSanto Domingo :b[editor no identificado],c2024. a317 páginas ;bilustraciones ; c24 cm. 2rdacontentatextobtxt 2rdamediaasin mediaciónbn 2rdacarrieravolumenbnc aLibro en pasta dura.  aUn inolvidable dúo de cuentos oscuros perfectos para noches lluviosas. Dos perturbadores episodios de los más macabros, escritos bajo el frío manto de un suspenso asfixiante. ¿Qué tan espantoso podría describirse un brutal caso a los inocentes ojos de un niño pequeño? ¿O qué tanto podrá otro recordar al crecer, sobre los sucesos a los que se expuso su familia en su pueblo natal? "Cuentos oscuros para noches lluviosas" te sumerge en un dúo de historias inquietantes que harán temblar tus noches. Bajo el manto frío de un suspenso asfixiante, estos relatos exploran los rincones más perturbadores de la mente humana.  aJóvenes adultos.  aInventariado, 2025/ YL aYLockward 2ddccLBS1 00102ddc51708CIJ-PDaBNPHUbBNPHUcCTd2025-06-11l0oBNPHU CIJ-PD xxx M277p2025-8799r2025-08-26w2025-08-26yLBS1 00102ddc51708CIJ-PDaBNPHUbBNPHUcCTd2025-06-11l0oBNPHU CIJ-PD xxx M277p2025-8800r2025-08-26te. 2w2025-08-26yLBS1 00102ddc56708DSaBNPHUbBNPHUcCTd2025-06-11l0oBNPHU CIJ-DS xxx M277p2025-8801r2025-08-26te. 3w2025-08-26yLBS1 c59818d59818